[Event "SVK-ch U16 Girls"]
[Site "Slovakia"]
[Date "2001.02.19"]
[Round "3"]
[White "Kiselova, Lucia"]
[Black "Hegenbartova, Alena"]
[Result "0-1"]
[WhiteElo "1350"]
[BlackElo "1350"]
[PlyCount "70"]
[EventDate "2001.02.17"]
[EventType "swiss"]
[EventRounds "9"]
[EventCountry "SVK"]
[SourceTitle "EXT 2009"]
[Source "ChessBase"]
[SourceDate "2008.11.26"]
[SourceVersion "1"]
[SourceVersionDate "2008.11.26"]
[SourceQuality "1"]

1. e4 e5 2. Nf3 Nc6 3. Bb5 Nge7 4. d3 a6 5. Ba4 b5 6. Bb3 h6 7. Nc3 Na5 8. Nxe5 Nxb3 9. cxb3 Bb7 10. Nf3 d5 11. 0-0 d4 12. Ne2 Nc6 13. h3 Bc5 14. Bf4 0-0 15. Rc1 Bb6 16. Ne5 Nxe5 17. Bxe5 c5 18. Qd2 Re8 19. Bf4 Rc8 20. b4 c4 21. Rfd1 cxd3 22. Rxc8 Qxc8 23. Qxd3 Bxe4 24. Qd2 d3 25. Ng3 Bg6 26. Qc3 Qxc3 27. bxc3 a5 28. Nf1 axb4 29. cxb4 Re2 30. Rd2 Bxf2+ 31. Kh1 Be1 32. Rxe2 dxe2 33. Ng3 Bd3 34. Kh2 Bxb4 35. Kg1 e1Q+ 0-1